Zamestnanosť v obehovom hospodárstve ako nový ekonomický faktor

Skúmanie vzájomných vzťahov medzi HDP, patentmi a zamestnanosťou v obehovom hospodárstve v krajinách V4 (Česká republika, Maďarsko, Poľsko a Slovensko) prostredníctvom využitia regresnej analýzy. Cieľom je zistiť, do akej miery zamestnanosť v obehovom hospodárstve a patentová činnosť ovplyvňujú rast...

Full description

Saved in:
Bibliographic Details
Main Author: Hrušovská, Dana, 1964-
Format: Book Chapter
Language:Slovak
Subjects:
Tags: Add Tag
No Tags, Be the first to tag this record!

MARC

LEADER 00000naa$a2200000$$$4500
001 0306507
005 20250207085902.9
041 0 |a slo 
044 |a CZ 
245 1 0 |a Zamestnanosť v obehovom hospodárstve ako nový ekonomický faktor  |c Dana Hrušovská 
520 |a Skúmanie vzájomných vzťahov medzi HDP, patentmi a zamestnanosťou v obehovom hospodárstve v krajinách V4 (Česká republika, Maďarsko, Poľsko a Slovensko) prostredníctvom využitia regresnej analýzy. Cieľom je zistiť, do akej miery zamestnanosť v obehovom hospodárstve a patentová činnosť ovplyvňujú rast HDP na 1 obyvateľa. Medzi dôležité zistenia patrí, že vplyv zamestnanosti v obehovom hospodárstve na HDP v Českej republike, Poľsku a na Slovensku zahŕňa silný štatisticky významný vzťah, zatiaľ čo Maďarsko tento vzťah nevykazuje. Regresné modely poskytujú cenné údaje o tom, ako rôzne faktory ovplyvňujú ekonomický rast v rámci krajín V4. 
610 2 0 |a hospodárstvo obehové 
610 2 0 |a zamestnanosť 
610 2 0 |a produkt domáci hrubý 
610 2 0 |a recyklácia odpadu 
610 2 0 |a patenty 
610 2 0 |a suroviny druhotné 
610 2 0 |a analýza regresná 
610 2 0 |a rast hospodársky 
610 2 0 |a Vyšehradská štvorka 
100 1 |a Hrušovská, Dana, 1964-